Vrcholové manažérstvo dopravnej firmy a informácie

Zabezpečovanie informácií novými informačnými a komunikačnými technológiami. Informačné systémy pre potreby vrcholového manažérstva. Interné a externé informácie dopravnej firmy.

Guardado en:
Detalles Bibliográficos
Autor principal: Hittmár, Štefan
Formato: Capítulo de libro
Lenguaje:eslovaco
Materias:
Etiquetas: Agregar Etiqueta
Sin Etiquetas, Sea el primero en etiquetar este registro!

MARC

LEADER 00000naa a2200000 4500
001 r017504
005 20221205101730.7
041 0 |a slo 
044 |a SK 
245 1 0 |a Vrcholové manažérstvo dopravnej firmy a informácie  |c Š. Hittmár 
520 |a Zabezpečovanie informácií novými informačnými a komunikačnými technológiami. Informačné systémy pre potreby vrcholového manažérstva. Interné a externé informácie dopravnej firmy. 
610 2 0 |a systémy informačné manažérske 
610 2 0 |a podnik dopravný 
610 2 0 |a manažéri 
610 2 0 |a informácie 
610 2 0 |a systémy informačné 
610 2 0 |a manažment 
100 1 |a Hittmár, Štefan